Ekonomska revija
Enregistré dans:
| Format: | Publication en série |
|---|---|
| Langue: | slovaque |
| Publié: |
Ljubljana
Zvez ekonomistov Slovenije
1985
|
| Tags: |
Pas de tags, Soyez le premier à ajouter un tag!
|
MARC
| LEADER | 00000nas2a2200000 4500 | ||
|---|---|---|---|
| 001 | s037580 | ||
| 005 | 20250730114148.7 | ||
| 041 | 0 | |a slo | |
| 044 | |a YU | ||
| 245 | 1 | 0 | |a Ekonomska revija |
| 264 | 1 | |a Ljubljana |b Zvez ekonomistov Slovenije |c 1985 | |
| 300 | |a 1 zv. | ||
| 773 | 0 | |w eu_un_cat*s120668 | |